Strengthening communities through Women's self help groups: (Record no. 20827)
[ view plain ]
| 000 -LEADER | |
|---|---|
| fixed length control field | 00580nam a2200157Ia 4500 |
| 082 ## - DEWEY DECIMAL CLASSIFICATION NUMBER | |
| Classification number | RP 0294 |
| 100 ## - MAIN ENTRY--AUTHOR NAME | |
| Personal name | Paithankar, Makarand Arvind |
| 245 #0 - TITLE STATEMENT | |
| Title | Strengthening communities through Women's self help groups: |
| Sub Title | A study of Marathawada region of Maharashtra |
| 260 ## - PUBLICATION, DISTRIBUTION, ETC. (IMPRINT) | |
| Year of publication | 0 |
| Name of publisher | Indian Council of Social Science Research, New Delhi |
| 300 ## - PHYSICAL DESCRIPTION | |
| Number of Pages | v, 66p |
| 504 ## - BIBLIOGRAPHY, ETC. NOTE | |
| Bibliography, etc | Includes: References |
| 650 ## - SUBJECT ADDED ENTRY--TOPICAL TERM | |
| Topical Term | Self help groups |
| Form subdivision | Women |
| Geographic subdivision | Marathwada |
| -- | Maharashtra |
| 650 ## - SUBJECT ADDED ENTRY--TOPICAL TERM | |
| Topical Term | Women empowerment |
| Geographic subdivision | Marathwada |
| -- | Maharashtra |
| 650 ## - SUBJECT ADDED ENTRY--TOPICAL TERM | |
| Topical Term | Micro finance |
| Geographic subdivision | Marathwada |
| -- | Maharashtra |
| 942 ## - ADDED ENTRY ELEMENTS (KOHA) | |
| Koha item type | Research Reports |
| Source of classification or shelving scheme | Dewey Decimal Classification |
| Withdrawn status | Lost status | Damaged status | Not for loan | Collection code | Home library | Current library | Date acquired | Source of acquisition | Full call number | Accession Number | Price effective from | Koha item type |
|---|---|---|---|---|---|---|---|---|---|---|---|---|
| Major Research Project Reports | NASSDOC Library | NASSDOC Library | 22/09/2017 | Gifted by : RP Division, ICSSR | RP 0294 | 49313 | 18/04/2019 | Research Reports |
